1880 1993 1703 1473 1147 1598 1347 1714 1410 1409 1786 1402 1763 1146 1934 1846 1040 1823 1813 1866 1651 1635 1614 1606 1668 1055 1782 1900 1739 1216 1805 1486 1899 1589 1604 1672 1919 1251 1656 1557 1872 1779 1071 1198 1724 1482 1476 1373 1276 1087 1417 1134 1066 1870 1243 1046 1040 1768 1503 1921 1381 1755 1372 1232 1090 1529 1077 1845 1048 1867 1141 1406 1739 1292 1140 1468 1617 1378 1351 1637 1929 1950 1829 1150 1509 1169 1930 1832 1750 1910 1338 1411 1601 1944 1399 1393 1747 1334 1137 BCNSPRNW ULIB Ver.6.0+V

เปลี่ยนเป็นภาษาไทย

Change to English
 แสดงรายละเอียดบรรณานุกรม
  กลับหน้าหลัก

Brief Record : Get Marc (ISO 2709) : E-mail record : QR code < ปิดหน้าต่าง
LEADER : 00000nam 2200000uu 4500
001    13399111210
003     ULIB
008    110620s2005||||th 000 0 eng d
020    0781725933
060 04 WY195^bK96c 2005
100 1  Kurzen, Corrine R.
245 10 Contemporary practical/vocational nursing /^cCorrine R.Kurzen
250    5th ed.
260    Philadelphia, Pa. :^bLippincott,^cc2005
300    xv, 429 p. :^bill. ;^c23 cm.
504    Includes bibliographical references and index
650  2 Practical nursing^xVocational guidance
650  2 Nursing, Practical^xmethods
650  2 Vocational Guidance
945    ^p1400^l0^i018295
995    Kesorn
999 ^a ใช้งานได้ทุกระบบ
รายการนี้ยังไม่มีแท็ก
คุณยังไม่ได้ล็อกอิน คุณสามารถมีกิจกรรมร่วมกับเว็บไซต์ได้ แต่ต้องล็อกอินก่อน ::
  ล็อกอิน

รายการสื่อสารสนเทศ

ลำดับที่ ประเภท เลขเรียก/บาร์โค้ด สถานที่ สถานะ
- ไม่พบข้อมูล -

รายการใกล้เคียง
    หัวเรื่อง [Vocational Guidance]

BibComment


ยังไม่เคยถูกคอมเมนท์

คอมเมนท์ทรัพยากรรายการนี้
  คอมเมนท์: Contemporary prac..


 Copyright 2026. Bcnsprnw @Library